00280nam a22000977a 4500020001800000082001800018100002800036245006000064260005000124300000800174 a9789380235530 a333.79137 ASH aAsoke Kumar Sannigrahi  aAgriculture and waste management for sustainable future aNew Delhi bNEW INDIA PUBLISHING AGENCYc2011 a236